000 04918cam0 2200697 ib4500
001 BY-NLB-br0001096066
005 20260402102154.0
010 ^a978-5-98156-428-4
100 ^a20140707d2012 m y0rusy50 ca
101 0 ^arus
102 ^aRU
105 ^ay z 010zy
109 ^ama
181 0 ^ai4
182 0 ^an
200 1 ^aС. Н. Глинка
^fвступительная статья В. В. Ильина
^gподготовка текста В. В. Ильина, О. А. Новиковой и П. И. Привалова
203 ^aТекст
^cнепосредственный
210 ^d2012
215 ^a285, [1] с.
327 0 ^aСодержание: Из записок о 1812 годе ; Жизнь Суворова, им самим написанная, или Собрание писем и сочинений его, изданных с примечаниями Сергеем Глинкою ; Сумбека, или Падение Казанского царства ; Царица Наталия Кириловна
345 ^9800 экз.
461 1 ^12001
^aСмоленская земля в памятниках русской словесности
^e[сборник
^fпод общей редакцией В. В. Ильина]
^vТ. 11
^1010
^a978-5-98156-366-9
^bв переплете
^1210
^aСмоленск
^cМаджента
^d2012—2013
^1215
^d22 см
464 0 ^12001
^aИз записок о 1812 годе
464 0 ^12001
^aЖизнь Суворова, им самим написанная, или Собрание писем и сочинений его, изданных с примечаниями Сергеем Глинкою
464 0 ^12001
^aСумбека, или Падение Казанского царства
464 0 ^12001
^aЦарица Наталия Кириловна
600 1 ^3BY-NLB-ar116970
^aСуворов
^bА. В.
^gАлександр Васильевич
^cполководец
^f1730—1800
^2BY-auth
606 ^3BY-NLB-ar2824215
^aВОЕННЫЕ ДЕЯТЕЛИ
^2DVNLB
606 ^3BY-NLB-ar24527
^aПОЛКОВОДЦЫ
^2DVNLB
606 ^3BY-NLB-ar44423
^aПИСАТЕЛИ
^2DVNLB
606 ^3BY-NLB-ar28726
^aРУССКИЙ
^2DVNLB
606 ^3BY-NLB-ar2648372
^aИСТОРИЯ
^2DVNLB
606 ^3BY-NLB-ar70050
^a18 ВЕК ВТОРАЯ ПОЛОВИНА
^2DVNLB
606 ^3BY-NLB-ar732
^a19 ВЕК ПЕРВАЯ ПОЛОВИНА
^2DVNLB
606 ^3BY-NLB-ar28702
^aРУССКАЯ ЛИТЕРАТУРА
^2DVNLB
606 ^3BY-NLB-ar2748885
^aПОЭТИЧЕСКАЯ ДРАМАТУРГИЯ
^2DVNLB
607 ^3BY-NLB-ar47030
^aРоссийская империя
^2BY-auth
608 ^3BY-NLB-ar3995
^aБИОГРАФИЯ
^2BYGNR
608 ^3BY-NLB-ar49375
^aЭПИСТОЛЯРНАЯ ЛИТЕРАТУРА (тексты)
^2BYGNR
608 ^3BY-NLB-ar2353216
^aПЕСНЯ (текст)
^2BYGNR
608 ^3BY-NLB-ar17864
^aМЕМУАРЫ (лит. произведение)
^2BYGNR
660 ^ae-ru
686 ^a83.3(2Рос) + 84(2Рос)5-4 + 84(2Рос)5-6
^2rubbk
690 ^a1
^2Base
^9BY-MI0000
^xRSEK
701 1 ^3BY-SEK-627877
^aГлинка
^bС. Н.
^gСергей Николаевич
^cписатель
^f1776—1847
702 1 ^3BY-NLB-ar2674208
^aИльин
^bВ. В.
^gВиктор Васильевич
^cдоктор филологических наук
^fрод. 1929
^4080
^4570
^4340
702 1 ^3BY-SEK-466150
^aНовикова
^bО. А.
^gОксана Александровна
^cкандидат филологических наук
^fрод. 1971
^4570
702 1 ^3BY-SEK-ar7501805
^aПривалов
^bП. И.
^gПетр Иванович
^4570
801 0 ^aBY
^bBY-HM0000
^c20140707
^gpsbo
801 2 ^aBY
^bBY-MI0000
^c20260323
^gRCR
035 ^a(BY-MI0000)BY-NLB-br0001096066
899 0 ^aBY-MI0000
^iС511
^h83.3(2Рос)